| 000 | 00435cam a2200169ua 4500 | ||
|---|---|---|---|
| 020 | _c1.75 | ||
| 041 |
_amal _h |
||
| 082 |
_a894.8121 _bSRE/KA |
||
| 100 | _aSreedhara Menon, Vailoppilli. | ||
| 245 |
_aKadalkkakkakal / _cVailoppilly Sreedhara Menon. _hTextual Documents |
||
| 260 |
_aEranakulam : _bV Govindankutty Menon , _c1964. |
||
| 300 | _a135 ; . | ||
| 365 | _a1.75 | ||
| 504 | _a | ||
| 942 | _cBK | ||
| 999 |
_c5088 _d5088 |
||